00386nam a2200157 a 450000100060000000300090000600800410001502000150005604000280007108200170009910000170011624500210013326000410015430000100019565000230020517787CO-ViMGA141112s2004 ck r 000 u spa d a8432983411 aCO-ViMGAbspacCO-ViMGA04a745.72 E665p1 aEpple, Doris10aPiedras pintadas aBarcelona (España), cCeac, c1990 a46.p.14aPINTURAS EN PIEDRA